Matrix : pre-intermediate student's book

Bibliographic Details
Main Authors: Gude, Kathy (Author), Duckworth, Michael (Author)
Format: Book
Language:English
Published: Oxford : Oxford University Press , c2002
Subjects:

MARC

LEADER 00000cam a2200000 7i4500
001 0000049385
005 20080129093000.0
008 051204s2002 enk eng
020 |a 0194369668 
090 0 0 |a PE1128   |b .G93 2002 
100 1 |a Gude, Kathy ,   |e author 
245 1 0 |a Matrix :   |b pre-intermediate student's book   |c Kathy Gude, Michael Duckworth 
260 2 |a Oxford :   |b Oxford University Press ,   |c c2002 
300 |a 150 p. :   |b col. ill. ;   |c 28 cm. 
650 0 |a English language   |v Textbooks for foreign speakers 
650 0 |a English language   |x Study and teaching (Secondary)   |x Foreign speakers 
700 1 |a Duckworth, Michael ,   |e author 
999 |a 1000104391   |b Book   |c OPEN SHELF (30 DAYS)   |e Gong Badak Campus